| 000 | 00567nam a2200193Ia 4500 | ||
|---|---|---|---|
| 003 | GCL | ||
| 008 | 140319s9999 xx 000 0 eng d | ||
| 040 |
_aGCL / _cGCL |
||
| 082 | 0 | 4 |
_a821.04209 _bS D |
| 100 | 1 | _aSPILLER, MICHAEL R. G. | |
| 245 | 1 | 0 |
_aTHE DEVELOPMENT OF THE SONNET: AN INTRODUCTION / _cSPILLER, MICHAEL R. G. |
| 260 |
_a[S.N] : _bROUTLEDGE ، _c1992 |
||
| 300 | _a241 P | ||
| 650 | 0 | 4 | _aENGLISH POETRY |
| 650 | 0 | 4 | _aSONNETS ENGLISH - HISTORY AND CRITICISM |
| 650 | 0 | 4 | _aSONNETES ENGLISH - ITALIAN INFLUENCE |
| 650 | 0 | 4 | _aSONNET |
| 942 |
_2ddc _cBK |
||
| 999 |
_c24034 _d24034 |
||